Sustainable design for interior environments

-д хадгалсан:
Номзүйн дэлгэрэнгүй
Үндсэн зохиолч: WINCHIP, Susan M.
Формат: Ном
Хэл сонгох:англи
Хэвлэсэн: Fairchild Publications 2007
Шошгууд: Шошго нэмэх
Шошго байхгүй, Энэхүү баримтыг шошголох эхний хүн болох!

MARC

LEADER 00000nam a22000007a 4500
008 210126b ||||| |||| 00| 0 eng d
020 |a 978-1-56367-460-0 
100 |a WINCHIP, Susan M. 
245 |a Sustainable design for interior environments  |c Susan M. Winchip.  |g  xv, 352p.; ill. 
260 |b Fairchild Publications  |c 2007  |d Books  |h  New York  |i 691303  |l TH880 .W72  |m Sustainable building 
500 |a “It includes references and index” 
942 |a lcc  |c BK  |e Adekanye I. H.  |f 26/01/2021 
952 |0 0  |1 0  |2 lcc  |4 0  |6 TH0880 W72  |7 0  |9 1857  |a HOL  |b HOL  |c QZ  |d 2021-01-26  |l 0  |o TH880 .W72  |p 2021-5725  |r 2021-01-26 00:00:00  |w 2021-01-26  |y BK 
999 |c 973  |d 973